Určovanie veku osôb z fotografie

Gespeichert in:
Bibliographische Detailangaben
1. Verfasser: Urban, Kristina (Verfasst von)
Weitere Verfasser: Oravec, Miloš (Betreuung Doktorarbeit)
Format: Manuskript Buch
Sprache:Slowakisch
Veröffentlicht: 2019
Schlagworte:
Online-Zugang:http://is.stuba.sk/zp/portal_zp.pl?podrobnosti=144476
Tags: Tag hinzufügen
Keine Tags, Fügen Sie das erste Tag hinzu!

MARC

LEADER 00000ntm a22000003a 4500
001 stuzp72110
003 SK-STU
005 20190823102438.7
007 ta
008 150427s2015----xo-----f-mn---000-0-slo-d
040 |a STU  |b slo 
041 0 |a slo 
044 |a xo 
100 1 |a Urban, Kristina  |u 035000  |k Z4  |4 aut  |U FEI Fakulta elektrotechniky a informatiky  |T FEI Ústav informatiky a matematiky  |X 75271  |U E050  |Y 816  |7 75271 
242 0 1 |a Age recognition from images  |y eng 
245 1 0 |a Určovanie veku osôb z fotografie 
260 |c 2019 
300 |a 61 s.,   |b DVD 
650 4 |a určovanie veku  |2 slo 
650 4 |a konvolučné siete  |2 slo 
650 4 |a strojové učenie  |2 slo 
650 4 |a dlib  |2 slo 
650 4 |a facenet  |2 slo 
650 4 |a age estimation  |2 eng 
650 4 |a convolutional networks  |2 eng 
650 4 |a machine learning  |2 eng 
650 4 |a facenet  |2 eng 
650 4 |a dlib  |2 eng 
700 1 |a Oravec, Miloš  |u 035000  |k Z1  |4 ths  |U FEI Fakulta elektrotechniky a informatiky  |T FEI Ústav informatiky a matematiky  |X 2036  |U E050  |Y 816  |7 A000002036 
856 4 |u http://is.stuba.sk/zp/portal_zp.pl?podrobnosti=144476 
996 |b 284EP12335  |c E*DIPL- 12335  |l EE35  |s P  |a 0  |w stuzp72110_0001